| 000 | 00953cab a2200253 4500 | ||
|---|---|---|---|
| 001 | ##L134576 | ||
| 008 | 060817n2006 000 0 eng u | ||
| 035 | _a(Sirsi) u134576 | ||
| 041 | 0 | _aeng | |
| 100 | 1 | _aPilkington, Lisa | |
| 245 | 0 | 0 |
_aFocus _bIsle of Man and Channel Islands |
| 260 | _c2006 | ||
| 490 | 0 |
_aEstates Gazette _v(0632) 12 August 2006, 61-73(9) |
|
| 520 | _aReports on plans for three waterfront schemes in Jersey that could change radically after the masterplan was deemed to have significant flaws; a retail scheme at St Sampson in Guernsey; and the benefits and possible problems of the Isle of Man's zero tax regime, designed to attract more business. | ||
| 590 | _aIKA220806 | ||
| 651 | 4 | _aJERSEY | |
| 651 | 4 | _aGUERNSEY | |
| 651 | 4 | _aCHANNEL ISLANDS | |
| 651 | 4 | _aISLE OF MAN | |
| 690 | _aPROPERTY-COMMERCIAL PROPERTY-COMMERCIAL PROPERTY MARKET | ||
| 700 | 1 | _aHenry, Alison | |
| 700 | 1 | _aQuinn, David | |
| 942 | _n0 | ||
| 999 |
_c77571 _d77571 |
||